000 00280nam a2200097Ia 4500
008 201231s9999 xx 000 0 und d
100 _aHarver Business Review
245 0 _aOrganizational Development Series Part III.
260 _aBoston
_bHarvard Business School Press
942 _cBK
999 _c10089
_d10089